| 000 | 006530000a22001810004500 | ||
|---|---|---|---|
| 005 | 20231113102320.0 | ||
| 008 | 230817t1998 ||||| |||| 00| 0 eng d | ||
| 020 | _a9555800316 | ||
| 082 |
_a324.954 _bGOV |
||
| 245 |
_aGovernance and the Electoral Process in Pakistan - National Assembly Elections 1997 : _bReport of SAARC- NGO Observers |
||
| 260 |
_aColombo: _bInternational Centre for Ethnic Studies, _c1998 |
||
| 300 |
_aiii, 215 p. ; 22 cm. _bIndex included |
||
| 650 | _aPAKISTAN,NATIONAL ASSEMBLY--Elections | ||
| 650 | _aElections--Pakistan | ||
| 650 | _aPakistan--Politics and government. | ||
| 700 |
_a Thiagarajah, Jeevan. _eed. |
||
| 942 | _cRP | ||
| 999 |
_c274 _d274 |
||